| 000 | 00349cam a2200145 a 4500 | ||
|---|---|---|---|
| 020 | _a0195623592 | ||
| 082 |
_a952 _bNEH |
||
| 100 | 1 | _aNehru, Jawaharlal, | |
| 245 | 1 | 4 | _aThe discovery of India / |
| 250 | _aCentenary ed. | ||
| 260 |
_aDelhi ; _aNew York : _bOxford University Press, _c1989, c1985. |
||
| 300 | _a582 p. ; | ||
| 650 | _aHistory | ||
| 942 | _cBK | ||
| 999 |
_c23100 _d23100 |
||